Жінка в умовах війни у світлі повсякденних практик (на матеріалах Галичини 1914–1921 рр.) (Запис № 460830)

МАРК-запис
000 -Лідер
fixed length control field 03284nam a22002657a 4500
001 - Контрольний номер
control field 216218937
003 - Ідентифікатор контрольного номера
control field UA-OsUOA
005 - Дата та час останнього входження (трансакції)
control field 20210103162820.0
008 - Елементи даних фіксованої довжини – загальна інформація
fixed length control field 200728b un ||||| m||| 00| 0 ukr d
040 ## - Джерело каталогізації
Агенція оригінальної каталогізації UA-OsUOA
Мова каталогізації ukr
Агенція, яка здійснювала перезапис UA-OsUOA
Агенція, яка здійснювала модифікацію UA-OsUOA
041 ## - Код мови
Код мови тексту/ звукової доріжки чи окремого заголовка (П) ukr
080 ## - Індекс Універсальної десяткової класифікації
Індекс Універсальної десяткової класифікації (УДК) (НП) 94:305-055.2(477.83/.86)"1914/1921"
090 ## - Локальний шифр розміщення
Класифікаційний індекс УДК 94:305-055.2(477.83/.86)"1914/1921"
095 ## - Код спеціальності для авторефератів
Код спеціальності 07.00.01
Назва спеціальності історія України
100 ## - Основне введення – ім’я особи
Ім’я особи (НП) Байдак М. С.
245 ## - Відомості про назву
Назва (НП) Жінка в умовах війни у світлі повсякденних практик (на матеріалах Галичини 1914–1921 рр.)
Дані про відповідальність (НП) Байдак Мар'яна Степанівна ; наук. керівник Аркуша Олена Геогріївна
260 ## - Публікація, розповсюдження і т.п. (Вихідні дані)
Місце публікації, розповсюдження і т.п. (П) Львів
Дата публікації, розповсюдження і т.п. (П) 2018
300 ## - Фізичний опис
Обсяг 20 с.
502 ## - Примітка про дисертацію
Зв'язок Автореферат дисертації на здобуття наукового ступеня кандидата історичних наук<br/>
Наймення інституції, що представляється Львівський національний університет імені Івана Франка
Рік отримання вченого ступеня 2018
520 ## - Резюме і т.п.
Резюме, реферат, анотація, тощо (НП) У дисертації реконструйовано різноманіття повсякденних практик жінок Східної Галичини в часі від 1914 р., коли розпочалася Перша світова війна, до 1921 р., коли було укладено Ризький мирний договір, який, по суті, завершив для українців період війни і пов’язаних з нею змагань за національну державність, і після якого останні чоловіки змогли повернутися до рідних домівок з фронту, полону, таборів для інтернованих осіб. Розкрито особливості військової та громадської діяльності жінок, їхнє місце в родині та суспільстві; світоглядні уявлення жінок під час війни, які включали ставлення до життя і смерті, патріотизму й обов’язку, часу та простору; значення Дому в жіночій самоідентифікації; моделі сімейних відносин у ситуації роздільного життя; формування образів жінок і жіночого повсякдення в тогочасній художній літературі, народній творчості, мистецьких творах і фотографіях. Для жінок не було універсального способу перетривати війну, вони дуже по-різному проживали і переживали війну. Наголошується, що жінки були активним дійовим чинником суспільних процесів.
650 ## - Додаткове предметне введення – тематичний термін
Джерело заголовка чи терміна UDC
Тематичний термін чи географічна назва, як елемент введення (НП) 94 Історія
942 ## - Додаткові елементи входу (Коха)
Source of classification or shelving scheme Universal Decimal Classification
Тип елемента Koha Автореферат
955 ## - Код типу видання за змістом
Код типу видання за змістом (НП) Наукові видання

Немає доступних примірників.